000 00647nam a2200217 a 4500
999 _c9541
_d9541
001 9541
003 BD-JhCC
005 20180318133833.0
008 180318s1980 bg |||| |||a 000 0 ben d
035 _a(BD-JhCC)9541
040 _aBD-JhCC
_dBD-JhCC
041 _aben
082 _a920
_bALA 1980
100 _aআলম, জাফর
245 _aস্মরণীয় বরণীয় /
_cজাফর আলম,
260 _aঢাকা :
_bইমলামিক ফাউণ্ডেশন বাংলাদেশ,
_c1980
300 _a174 p. :
_c24 cm.
650 _aCollection of Biography
942 _2ddc
_cBK